| 000 | 00534nam a22001817a 4500 | ||
|---|---|---|---|
| 005 | 20251108173108.0 | ||
| 008 | 250721s9999 xx 000 0 ara d | ||
| 082 | 1 | 4 | _a519.5/درو |
| 100 | 1 | _aدرويش، رمضان محمد | |
| 245 | 1 | 0 | _aمقدمة في الإحصاء التطبيقي / |
| 264 |
_bنينوى للنشر و التوزيع، _c(19-). |
||
| 300 | _a294ص. | ||
| 650 | 1 | 7 | _aالرياضيات |
| 650 | 1 | 7 | _aالإحصاء الوصفي |
| 650 | 1 | 7 | _aالإحتمالات |
| 942 |
_2ddc _cBK |
||
| 999 |
_c95947 _d95947 |
||